Introducción a la economía laboral (Registro nro. 5111)

Detalles MARC
000 -LEADER
fixed length control field 01471 a2200193 4500
001 - CONTROL NUMBER
control field 53132
005 - DATE AND TIME OF LATEST TRANSACTION
control field 20260407155805.0
008 - FIXED-LENGTH DATA ELEMENTS--GENERAL INFORMATION
fixed length control field 260407a1964 arg spa d
003 - CONTROL NUMBER IDENTIFIER
control field AR-UNSa-BCEJYS
040 ## - CATALOGING SOURCE
Original cataloging agency AR-UNSa-BCEJYS
Language of cataloging spa
Transcribing agency AR-UNSa-BCEJYS
080 ## - UNIVERSAL DECIMAL CLASSIFICATION NUMBER
Universal Decimal Classification number 331.101
Common auxiliary subdivision Cuestiones laborales de carácter general. Teoría del trabajo. Ciencia del trabajo
100 1# - MAIN ENTRY--PERSONAL NAME
Personal name Phelps, Orme W.
245 10 - TITLE STATEMENT
Title Introducción a la economía laboral
264 #1 - PRODUCTION, PUBLICATION, DISTRIBUTION, MANUFACTURE, AND COPYRIGHT NOTICE
Place of production, publication, distribution, manufacture Buenos Aires :
Name of producer, publisher, distributor, manufacturer Tipográfica Editora Argentina
Date of production, publication, distribution, manufacture, or copyright notice 1964
300 ## - PHYSICAL DESCRIPTION
Extent 700 p.
Dimensions 23 cm.
505 ## - FORMATTED CONTENTS NOTE
Formatted contents note Parte I. El mercado laboral: 1. Al estudiante - 2. La población y la fuerza laboral - 3. Mercados laborales en Estados Unidos – Parte II. El movimiento laboral: 4. La fuerza laboral organizada en la actualidad - 5. Los primeros 100 años: 1786-1886 - 6. La era de la ALF - 7. El surgimiento de la fuerza laboral organizada de 1963 hasta al presente - 8. Organización y administración sindical - 9. La negociación colectiva - 10. Huelgas, piquetes y boicots - 11. Orígenes y objetivos de la fuerza laboral organizada – Parte III. Seguridad de empleo: 12. El problema de la desocupación - 13. Ocupación plena, inflación, desarrollo económico, desocupación cíclica – Parte IV. Salarios: 14. El problema de los salarios. Diferenciales de salarios - 15. Teoría y política de los salarios. Problemas - 16. Reglamentación pública de los salarios
590 ## - LOCAL NOTE (RLIN)
Local note niveau_biblio:m niveau_hierar:0
942 ## - ADDED ENTRY ELEMENTS (KOHA)
Koha item type
Existencias
Withdrawn status Lost status Damaged status Not for loan Home library Current library Shelving location Date acquired Total checkouts Full call number Barcode Date last seen Price effective from Koha item type
        Biblioteca Prof. Eusebio Cleto del Rey Biblioteca Prof. Eusebio Cleto del Rey   07/04/2026   331.101 P538 L21949 07/04/2026 07/04/2026 Libro